Microsoft office: (Record no. 363862)
[ view plain ]
| 000 -LEADER | |
|---|---|
| fixed length control field | 00408nam a2200133Ia 4500 |
| 008 - FIXED-LENGTH DATA ELEMENTS--GENERAL INFORMATION | |
| fixed length control field | 200626s9999 xx 000 0 und d |
| 020 ## - INTERNATIONAL STANDARD BOOK NUMBER | |
| International Standard Book Number | 0-13-187741-0 |
| 100 ## - MAIN ENTRY--PERSONAL NAME | |
| Personal name | Grauer, Robert T. |
| 245 ## - TITLE STATEMENT | |
| Statement of responsibility, etc | Robert T. Grauer, Maryann Barber.-- |
| Title | Microsoft office: |
| Remainder of title | Access 2003:/ |
| 250 ## - EDITION STATEMENT | |
| Edition statement | Revised ed. |
| 260 ## - PUBLICATION, DISTRIBUTION, ETC. (IMPRINT) | |
| Place of publication, distribution, etc | New Jersey: |
| Name of publisher, distributor, etc | Pearson Education, Inc. |
| Date of publication, distribution, etc | 2006 |
| 300 ## - PHYSICAL DESCRIPTION | |
| Extent | xx, 716 pages |
| 500 ## - GENERAL NOTE | |
| General note | Includes Index |
| Withdrawn status | Lost status | Source of classification or shelving scheme | Damaged status | Home library | Current library | Shelving location | Date acquired | Source of acquisition | Total Checkouts | Full call number | Barcode | Date last seen | Price effective from | Koha item type |
|---|---|---|---|---|---|---|---|---|---|---|---|---|---|---|
| Library of Congress Classification | Southville International School Affiliated with Foreign Universities Library | Southville International School Affiliated with Foreign Universities Library | Southville Foreign University Section | 06/27/2020 | Donation | QA76.9.D3 .G774 2006 | SFU1345 | 06/27/2020 | 06/27/2020 | Books |